| 000 | 01211nam a22003017a 4500 | ||
|---|---|---|---|
| 005 | 20180319144742.0 | ||
| 010 | _a1718EN-30 ENG-115789 | ||
| 020 |
_a9789352602117 _c745.00 |
||
| 020 |
_a9352602110 _c745.00 |
||
| 035 | _aEN-99321 | ||
| 035 | _aB-665161 | ||
| 035 | _aB-683582-587 | ||
| 037 |
_bBSB _adpl |
||
| 037 | _bDBAD/PUB | ||
| 082 | _a658.4052 | ||
| 100 | _aLewicki, Roy J. | ||
| 245 |
_aNegotiation : _cby Roy J. Jewicki, David M.Saunders [and] Bruce Barry _breading,exercise and cases / |
||
| 250 | _a6th ed. | ||
| 260 |
_aNew Delhi _bMcgraw Hill Education _c2017 |
||
| 270 |
_aP-24,Green Park _bNew Delhi _e110016 |
||
| 300 |
_ax,708p. _c24cm(pbk) |
||
| 500 | _aIncludes title index and name index | ||
| 700 | _aSaunders, David M. | ||
| 700 | _aBarry, Bruce | ||
| 942 |
_2ddc _cEN _h658.4052 _mLEW |
||
| 999 |
_c102602 _d102602 |
||